000 00319cam a22001217a 4500
008 180718b1959 xxu||||| |||| 00| 0 eng d
082 _aA6x5431 H27
100 _aHasan, M.
245 _aKashmir under the Sultans
_cby M. Hasan
260 _aCalcutta
_bIran Society
_c1959
300 _a388p.
650 _aKashmir - History
999 _c367712
_d367712